[Event "Bucaramanga op"]
[Site "Bucaramanga"]
[Date "2023.09.08"]
[Round "5"]
[White "Lopez Bedoya, Wilson"]
[Black "Acosta Cruz, Luis Ivan"]
[Result "0-1"]
[WhiteElo "1271"]
[BlackElo "1579"]
[PlyCount "51"]
[EventDate "2023.09.06"]
[EventType "swiss"]
[EventRounds "9"]
[EventCountry "COL"]
[SourceTitle "EXT 2024"]
[Source "ChessBase"]
[SourceDate "2023.10.10"]
[SourceVersion "1"]
[SourceVersionDate "2023.10.10"]
[SourceQuality "1"]

1. e4 e5 2. Nc3 Nf6 3. f4 d6 4. Nf3 Nbd7 5. Bc4 h6 6. d4 Qe7 7. Qe2 c6 8. 0-0 exd4 9. Nxd4 Nb6 10. Bb3 Bd7 11. e5 Nfd5 12. exd6 Qxe2 13. Ncxe2 Bxd6 14. Bd2 0-0 15. Rae1 Rae8 16. Ng3 c5 17. Bxd5 Nxd5 18. Ndf5 Rxe1 19. Rxe1 Bxf4 20. Bxf4 Nxf4 21. Rf1 Ng6 22. Nh5 Bxf5 23. Rxf5 b6 24. g3 Rd8 25. Rf2 Rd5 26. Nf4 0-1

[Event "Bucaramanga op"]
[Site "Bucaramanga"]
[Date "2023.09.06"]
[Round "1"]
[White "Pedraza Aldana, Alexandra"]
[Black "Acosta Cruz, Luis Ivan"]
[Result "0-1"]
[WhiteElo "1236"]
[BlackElo "1579"]
[PlyCount "66"]
[EventDate "2023.09.06"]
[EventType "swiss"]
[EventRounds "9"]
[EventCountry "COL"]
[SourceTitle "EXT 2024"]
[Source "ChessBase"]
[SourceDate "2023.10.10"]
[SourceVersion "1"]
[SourceVersionDate "2023.10.10"]
[SourceQuality "1"]

1. e4 e5 2. Nf3 Nf6 3. Nc3 Nc6 4. d4 exd4 5. Nxd4 Bb4 6. Nxc6 bxc6 7. Bd3 d6 8. 0-0 h6 9. Re1 0-0 10. Bd2 Re8 11. Qf3 Ng4 12. Qg3 Qf6 13. h3 Ne5 14. Be2 Bd7 15. Rad1 Bc5 16. Na4 Bb6 17. Nxb6 axb6 18. Bc3 Qg5 19. Qh2 Ng6 20. Bf1 Ra4 21. e5 d5 22. Re3 Bf5 23. Rg3 Qh4 24. b3 Rxa2 25. Rd4 Qd8 26. h4 c5 27. Rd1 Bxc2 28. Rd2 Bxb3 29. Rxa2 Bxa2 30. e6 d4 31. exf7+ Bxf7 32. Bd2 Re4 33. f4 Nxh4 0-1

[Event "Medellin Flores op 30th"]
[Site "Medellin"]
[Date "2023.08.05"]
[Round "4"]
[White "Florez Olaya, Oscar David"]
[Black "Acosta Cruz, Luis Ivan"]
[Result "1-0"]
[WhiteElo "1117"]
[BlackElo "1599"]
[PlyCount "89"]
[EventDate "2023.08.03"]
[EventType "swiss"]
[EventRounds "9"]
[EventCountry "COL"]
[SourceTitle "EXT 2024"]
[Source "ChessBase"]
[SourceDate "2023.10.10"]
[SourceVersion "1"]
[SourceVersionDate "2023.10.10"]
[SourceQuality "1"]

1. e4 e5 2. Nf3 Nc6 3. Nc3 Nf6 4. Bb5 Nd4 5. Ba4 Nxf3+ 6. Qxf3 c6 7. d3 d6 8. h3 a5 9. a3 Be6 10. 0-0 Be7 11. Ne2 b5 12. Bb3 Bxb3 13. cxb3 c5 14. Ng3 g6 15. Bh6 Bf8 16. Bxf8 Kxf8 17. Qe3 Kg7 18. f4 Qe7 19. fxe5 dxe5 20. Nf5+ gxf5 21. Qg5+ Kf8 22. Rxf5 Ra6 23. Raf1 Rg8 24. Qh6+ Ke8 25. Rxf6 Rxf6 26. Rxf6 Rg6 27. Rxg6 hxg6 28. Qh8+ Kd7 29. Qb8 Kc6 30. Qa8+ Kb6 31. Qb8+ Ka6 32. a4 bxa4 33. bxa4 Qd7 34. Qxe5 Qxd3 35. Qf6+ Ka7 36. Qxf7+ Kb8 37. Qe8+ Kc7 38. e5 Qd4+ 39. Kh1 Qxb2 40. Qe7+ Kc8 41. Qxc5+ Kb7 42. Qb5+ Qxb5 43. axb5 a4 44. e6 Kc7 45. b6+ 1-0

[Event "Bucaramanga op"]
[Site "Bucaramanga"]
[Date "2022.12.16"]
[Round "2"]
[White "Pava Carvajal, Hugo Alberto"]
[Black "Acosta Cruz, Luis Ivan"]
[Result "0-1"]
[WhiteElo "1593"]
[BlackElo "1590"]
[PlyCount "58"]
[EventDate "2022.12.16"]
[EventType "swiss"]
[EventRounds "7"]
[EventCountry "COL"]
[SourceTitle "EXT 2024"]
[Source "ChessBase"]
[SourceDate "2023.10.10"]
[SourceVersion "1"]
[SourceVersionDate "2023.10.10"]
[SourceQuality "1"]

1. e4 e5 2. Nf3 Nc6 3. Bc4 Bc5 4. c3 Qe7 5. 0-0 Nf6 6. d4 Bb6 7. Bg5 d6 8. h3 h6 9. Bxf6 Qxf6 10. d5 Nb8 11. a4 a6 12. a5 Ba7 13. Nbd2 0-0 14. Nh2 Qf4 15. g3 Qxg3+ 16. Kh1 Qxh3 17. f4 exf4 18. Rxf4 Qg3 19. Rf3 Qe5 20. Bd3 Nd7 21. Nc4 Qg5 22. Rf5 Qh4 23. Rh5 Qg3 24. Rf5 Ne5 25. Nxe5 Bxf5 26. Nef3 Bh3 27. Qe2 Bf2 28. Rg1 Bxg1 29. Nxg1 Rae8 0-1

[Event "Pereira Gildardo Garcia Memorial-B"]
[Site "Pereira"]
[Date "2022.05.21"]
[Round "6"]
[White "Acosta Cruz, Luis Ivan"]
[Black "Cano Alcaraz, Juan Jose"]
[Result "0-1"]
[WhiteElo "1713"]
[BlackElo "1271"]
[PlyCount "112"]
[EventDate "2022.05.18"]
[EventType "swiss"]
[EventRounds "9"]
[EventCountry "COL"]
[SourceTitle "CBM 208 Extra"]
[Source "ChessBase"]
[SourceDate "2022.07.31"]
[SourceVersion "1"]
[SourceVersionDate "2022.07.31"]
[SourceQuality "1"]

1. Nf3 c5 2. c4 Nf6 3. Nc3 Nc6 4. d3 g6 5. g3 Bg7 6. Bg2 d6 7. 0-0 Bf5 8. a3 a6 9. Rb1 Rb8 10. h3 0-0 11. Bg5 b5 12. Nh4 Bd7 13. cxb5 axb5 14. Kh2 h6 15. Bc1 Kh7 16. Nd5 Nxd5 17. Bxd5 b4 18. axb4 Nxb4 19. Bg2 Be6 20. Qa4 g5 21. Nf3 Ra8 22. Qd1 Ba2 23. Ra1 Qb6 24. Qd2 Bd5 25. Rxa8 Rxa8 26. e3 Ra2 27. d4 Bxf3 28. Bxf3 cxd4 29. Be4+ Kg8 30. exd4 Qxd4 31. Qe2 Ra5 32. Bb1 Re5 33. Qf3 Qc4 34. Kg2 Qd5 35. Qxd5 Nxd5 36. Rd1 Nc7 37. Ba2 Re2 38. Kf3 Rc2 39. Bb3 Rc5 40. g4 Rb5 41. Rd3 Be5 42. Ke4 Rb4+ 43. Kf3 Nb5 44. Kg2 Nd4 45. Bd5 Ne2 46. Be3 Rxb2 47. Ra3 Bf4 48. Ra8+ Kg7 49. Kf3 Bxe3 50. Kxe3 Nf4 51. Bc4 Nxh3 52. f3 Nf4 53. Ra7 Rc2 54. Bf1 Kf6 55. Ra3 Ke5 56. Bd3 Ng2# 0-1

[Event "Bucaramanga Santander-ch"]
[Site "Bucaramanga"]
[Date "2022.04.11"]
[Round "8"]
[White "Carvajal Barreto, Misael Camilo"]
[Black "Acosta Cruz, Luis Ivan"]
[Result "1/2-1/2"]
[WhiteElo "1583"]
[BlackElo "1682"]
[PlyCount "74"]
[EventDate "2022.04.08"]
[EventType "swiss"]
[EventRounds "8"]
[EventCountry "COL"]
[SourceTitle "CBM 207 Extra"]
[Source "ChessBase"]
[SourceDate "2022.05.31"]
[SourceVersion "1"]
[SourceVersionDate "2022.05.31"]
[SourceQuality "1"]

1. d4 Nf6 2. c4 e6 3. Nf3 b6 4. Nc3 h6 5. e4 Bb4 6. Bd3 Bb7 7. e5 Ne4 8. Bxe4 Bxe4 9. 0-0 Bxc3 10. bxc3 0-0 11. Re1 Bf5 12. d5 Na6 13. Nd4 Bg6 14. Ba3 Re8 15. Qa4 Qc8 16. Nb5 Qb7 17. Rad1 Red8 18. h3 Nc5 19. Bxc5 bxc5 20. Qa5 Qb6 21. Qxb6 axb6 22. Nxc7 Ra7 23. d6 Rxa2 24. Ra1 Rxa1 25. Rxa1 Be4 26. f3 Bc6 27. Kf2 g5 28. Ke3 f6 29. exf6 Kf7 30. g3 Kxf6 31. Rb1 Rb8 32. f4 gxf4+ 33. gxf4 Kf5 34. Rb2 h5 35. Rb1 e5 36. fxe5 Kxe5 37. Na6 Rg8 1/2-1/2

[Event "Bucaramanga Santander-ch"]
[Site "Bucaramanga"]
[Date "2022.04.10"]
[Round "6"]
[White "Martinez Zuluaica, Julian"]
[Black "Acosta Cruz, Luis Ivan"]
[Result "1-0"]
[WhiteElo "2142"]
[BlackElo "1682"]
[PlyCount "99"]
[EventDate "2022.04.08"]
[EventType "swiss"]
[EventRounds "8"]
[EventCountry "COL"]
[SourceTitle "CBM 207 Extra"]
[Source "ChessBase"]
[SourceDate "2022.05.31"]
[SourceVersion "1"]
[SourceVersionDate "2022.05.31"]
[SourceQuality "1"]

1. e4 e5 2. Nf3 Nc6 3. Bb5 a6 4. Ba4 Nf6 5. d4 b5 6. Bb3 Nxe4 7. dxe5 Nc5 8. Bd5 Be7 9. 0-0 Bb7 10. Re1 0-0 11. Nc3 Ne6 12. Ne4 Na5 13. Bxb7 Nxb7 14. a4 b4 15. Be3 a5 16. Ng3 f5 17. exf6 Bxf6 18. Rb1 Kh8 19. Qd5 c6 20. Qh5 Qe8 21. Qg4 Qf7 22. Nh5 Rae8 23. Qf5 Nd6 24. Qxa5 Nc4 25. Qf5 Bxb2 26. Qxf7 Rxf7 27. Nd2 Nxe3 28. Rxb2 Nd5 29. Nc4 Ra8 30. a5 g6 31. Ng3 Nc5 32. Ra1 Na6 33. Nb6 Re8 34. Nxd5 cxd5 35. Kf1 Re5 36. Ne2 g5 37. Nd4 g4 38. Rb3 Rf4 39. Rd3 Nc5 40. Rdd1 Ne4 41. f3 gxf3 42. gxf3 Ng5 43. Rd3 Ree4 44. a6 Re8 45. a7 Ra8 46. Nb5 Nxf3 47. Ke2 Ng5 48. Nc7 Rff8 49. Nxa8 Rxa8 50. Rxd5 1-0

[Event "Bucaramanga Santander-ch"]
[Site "Bucaramanga"]
[Date "2022.04.08"]
[Round "2"]
[White "Acosta Cruz, Luis Ivan"]
[Black "Sequeda Hernandez, Daniel Arturo"]
[Result "1-0"]
[WhiteElo "1682"]
[BlackElo "1500"]
[PlyCount "55"]
[EventDate "2022.04.08"]
[EventType "swiss"]
[EventRounds "8"]
[EventCountry "COL"]
[SourceTitle "CBM 207 Extra"]
[Source "ChessBase"]
[SourceDate "2022.05.31"]
[SourceVersion "1"]
[SourceVersionDate "2022.05.31"]
[SourceQuality "1"]

1. c4 e6 2. Nc3 Nc6 3. g3 b6 4. Bg2 Bb7 5. e3 Be7 6. Nge2 Rb8 7. 0-0 Nf6 8. d4 0-0 9. Rb1 e5 10. d5 Na5 11. Qd3 c5 12. d6 Bxg2 13. dxe7 Qxe7 14. Kxg2 d6 15. b3 Qb7+ 16. Nd5 Nxd5 17. Qxd5 Qd7 18. Bb2 b5 19. Bc3 b4 20. Bxe5 Rb6 21. Rfd1 Nb7 22. Bb2 Qg4 23. Nf4 Nd8 24. h3 Qd7 25. Qxc5 Ne6 26. Nxe6 Qxe6 27. Qd4 Ra6 28. Qxg7# 1-0

[Event "COL Subzt 2.3.4"]
[Site "Risarald"]
[Date "2021.11.26"]
[Round "7"]
[White "Ortiz Monsalve, Sebastian"]
[Black "Acosta Cruz, Luis Ivan"]
[Result "1/2-1/2"]
[WhiteElo "1472"]
[BlackElo "1758"]
[PlyCount "82"]
[EventDate "2021.11.23"]
[EventType "swiss"]
[EventRounds "9"]
[EventCountry "COL"]
[SourceTitle "CBM 205 Extra"]
[Source "ChessBase"]
[SourceDate "2022.01.31"]
[SourceVersion "1"]
[SourceVersionDate "2022.01.31"]
[SourceQuality "1"]

1. e4 e6 2. d4 d5 3. Nc3 Nf6 4. Bg5 Bb4 5. e5 h6 6. Bd2 Nfd7 7. a3 Bxc3 8. bxc3 c5 9. f4 c4 10. Nf3 Nc6 11. Be2 Ne7 12. 0-0 Nf5 13. Qe1 Nf8 14. g4 Ne7 15. Qg3 Bd7 16. Nh4 g6 17. Rf2 Qb6 18. Bc1 0-0-0 19. Bf1 Kb8 20. Bh3 Ka8 21. Kh1 h5 22. f5 hxg4 23. fxe6 Bxe6 24. Bxg4 Rh7 25. Bg5 Re8 26. Raf1 a6 27. Bxe6 Nxe6 28. Rxf7 Rxf7 29. Rxf7 Nxg5 30. Qxg5 Qb1+ 31. Kg2 Qxc2+ 32. Kg3 Qxc3+ 33. Kg2 Qxa3 34. Nxg6 Nxg6 35. Qxg6 Rb8 36. e6 Qb2+ 37. Rf2 Qxd4 38. e7 Qe5 39. Qh7 Ka7 40. Rf8 Qe2+ 41. Kh3 Qe3+ 1/2-1/2

[Event "Bucaramanga Bonita op"]
[Site "Bucaramanga"]
[Date "2021.09.05"]
[Round "5"]
[White "Acosta Cruz, Luis Ivan"]
[Black "Cardenas Briceno, Eloy"]
[Result "1-0"]
[WhiteElo "1773"]
[BlackElo "1469"]
[PlyCount "53"]
[EventDate "2021.09.04"]
[EventType "swiss"]
[EventRounds "6"]
[EventCountry "COL"]
[SourceTitle "EXT 2022"]
[Source "ChessBase"]
[SourceDate "2021.10.06"]
[SourceVersion "1"]
[SourceVersionDate "2021.10.06"]
[SourceQuality "1"]

1. c4 d5 2. cxd5 Qxd5 3. Nc3 Qd8 4. g3 c6 5. Bg2 Bf5 6. e4 Bg6 7. d4 e6 8. Be3 b5 9. a3 a5 10. Nge2 Na6 11. Nf4 b4 12. Nce2 Nf6 13. Qc2 Rc8 14. 0-0 c5 15. Rfc1 c4 16. Qa4+ Nd7 17. e5 Qc7 18. h4 Be7 19. d5 Nac5 20. Bxc5 Qxc5 21. dxe6 fxe6 22. Nxe6 Qxe5 23. N2f4 Bf5 24. Re1 Qf6 25. Rad1 Kf7 26. Qxd7 Rhd8 27. Nxd8+ 1-0

[Event "Bucaramanga Bonita op"]
[Site "Bucaramanga"]
[Date "2021.09.05"]
[Round "6"]
[White "Avila Vargas, Juan Manuel"]
[Black "Acosta Cruz, Luis Ivan"]
[Result "1/2-1/2"]
[WhiteElo "1475"]
[BlackElo "1773"]
[PlyCount "75"]
[EventDate "2021.09.04"]
[EventType "swiss"]
[EventRounds "6"]
[EventCountry "COL"]
[SourceTitle "EXT 2022"]
[Source "ChessBase"]
[SourceDate "2021.10.06"]
[SourceVersion "1"]
[SourceVersionDate "2021.10.06"]
[SourceQuality "1"]

1. e4 e6 2. d4 d5 3. exd5 exd5 4. Bf4 Nf6 5. Nf3 Bg4 6. Be2 c6 7. c4 Bd6 8. Bg3 0-0 9. Nc3 dxc4 10. Ne5 Bxe2 11. Qxe2 b5 12. 0-0 Nd5 13. Nxd5 cxd5 14. Qg4 Bxe5 15. Bxe5 f6 16. Qe6+ Kh8 17. Bd6 Re8 18. Qxd5 Na6 19. Rfe1 Qd7 20. h3 Nb4 21. Rxe8+ Rxe8 22. Qc5 Nd3 23. Qc7 Qxc7 24. Bxc7 Re2 25. d5 Rxb2 26. d6 Nc5 27. Re1 Kg8 28. Ba5 b4 29. Re8+ Kf7 30. Re7+ Kf8 31. d7 Nxd7 32. Rxd7 c3 33. Rc7 c2 34. Kh2 h5 35. f3 h4 36. Bxb4+ Rxb4 37. Rxc2 g5 38. g3 1/2-1/2

[Event "COL-ch Visually impaired"]
[Site "Cartagena"]
[Date "2019.12.07"]
[Round "3.5"]
[White "Care Garcia, Jose Joaquin"]
[Black "Acosta Cruz, Luis Ivan"]
[Result "0-1"]
[WhiteElo "1617"]
[BlackElo "1773"]
[PlyCount "66"]
[EventDate "2019.12.06"]
[EventType "swiss (rapid)"]
[EventRounds "6"]
[EventCountry "COL"]
[SourceTitle "EXT 2024"]
[Source "ChessBase"]
[SourceDate "2023.10.10"]
[SourceVersion "1"]
[SourceVersionDate "2023.10.10"]
[SourceQuality "1"]

1. e4 e6 2. d4 d5 3. Bd3 c5 4. exd5 exd5 5. dxc5 Bxc5 6. Nf3 Ne7 7. 0-0 Nbc6 8. Nbd2 Bg4 9. h3 Bh5 10. Nb3 Bd6 11. Bf4 Bc7 12. Bc1 Bd6 13. Bf4 Bxf4 14. Re1 Bc7 15. g4 Bg6 16. Qd2 Qd6 17. Rad1 0-0-0 18. Bb5 h5 19. Re2 hxg4 20. hxg4 Be4 21. Rxe4 dxe4 22. Qxd6 Rxd6 23. Rxd6 Bxd6 24. Ng5 Ne5 25. Nxe4 Bc7 26. g5 Nf5 27. Be2 Rh4 28. f3 Ne3 29. c3 Bb6 30. Nd4 Nc2 31. Nd6+ Kb8 32. N6f5 Rf4 33. Kg2 Nxd4 0-1

[Event "COL-ch Visually impaired"]
[Site "Cartagena"]
[Date "2019.12.07"]
[Round "5.5"]
[White "Munoz, Mauricio"]
[Black "Acosta Cruz, Luis Ivan"]
[Result "0-1"]
[WhiteElo "1624"]
[BlackElo "1773"]
[PlyCount "148"]
[EventDate "2019.12.06"]
[EventType "swiss (rapid)"]
[EventRounds "6"]
[EventCountry "COL"]
[SourceTitle "EXT 2024"]
[Source "ChessBase"]
[SourceDate "2023.10.10"]
[SourceVersion "1"]
[SourceVersionDate "2023.10.10"]
[SourceQuality "1"]

1. e4 e6 2. d4 d5 3. e5 c5 4. c3 Nc6 5. Nf3 Qb6 6. a3 c4 7. Nbd2 Na5 8. g3 Bd7 9. Rb1 Rc8 10. Bg2 f6 11. exf6 Nxf6 12. 0-0 Bd6 13. Re1 0-0 14. Ne5 Be8 15. f4 Bxe5 16. Rxe5 Bg6 17. Ra1 Rce8 18. Re1 Bd3 19. Bf3 Nd7 20. Re3 Kh8 21. Qe1 Nf6 22. Kg2 Qd6 23. Re5 Nc6 24. Re3 a5 25. a4 h5 26. h4 Ng4 27. Bxg4 hxg4 28. Nf1 Rf6 29. Nh2 Bf5 30. Qd1 Rg6 31. b3 cxb3 32. Qxb3 Re7 33. Ba3 Qd7 34. Bxe7 Qxe7 35. Ra2 Kh7 36. Rb2 Nd8 37. Qxd5 Qa3 38. Qb3 Qd6 39. Re5 Nc6 40. Qxb7 Nxe5 41. fxe5 Qa3 42. Qb3 Be4+ 43. Kf2 Qf8+ 44. Kg1 Bf3 45. Rf2 Qf5 46. Nxf3 gxf3 47. Qc2 Qg4 48. Kf1 Qxg3 49. Ke1 Qg1+ 50. Rf1 Qe3+ 51. Kd1 f2 52. Rxf2 Kg8 53. Qd2 Rg1+ 54. Kc2 Qe4+ 55. Kb3 Qd5+ 56. c4 Qb7+ 57. Kc3 Rb1 58. Qa2 Qb4+ 59. Kc2 Re1 60. Rd2 Re3 61. c5 Ra3 62. Qxe6+ Kh7 63. Qf5+ Kg8 64. Kd1 Qxa4+ 65. Ke2 Qc4+ 66. Kf2 Rb3 67. Qc2 Rc3 68. Qb2 a4 69. Qa2 Rb3 70. h5 Kh7 71. e6 Qxe6 72. Qxa4 Qe3+ 73. Kf1 Rb1+ 74. Rd1 Rb2 0-1

[Event "COL-ch Visually impaired"]
[Site "Cartagena"]
[Date "2019.12.04"]
[Round "3.5"]
[White "Acosta Cruz, Luis Ivan"]
[Black "Franco Perez, William"]
[Result "1-0"]
[WhiteElo "1764"]
[BlackElo "1558"]
[PlyCount "57"]
[EventDate "2019.12.03"]
[EventType "swiss"]
[EventRounds "6"]
[EventCountry "COL"]
[SourceTitle "EXT 2024"]
[Source "ChessBase"]
[SourceDate "2023.10.10"]
[SourceVersion "1"]
[SourceVersionDate "2023.10.10"]
[SourceQuality "1"]

1. d4 Nf6 2. c4 g6 3. Nc3 Bg7 4. e4 d6 5. f3 0-0 6. Be3 Nc6 7. Nge2 a6 8. Qd2 Rb8 9. Nc1 Bd7 10. Nb3 Na7 11. d5 c5 12. a4 Ne8 13. g4 e6 14. h4 f6 15. g5 f5 16. h5 f4 17. Bxf4 e5 18. Be3 Rxf3 19. hxg6 hxg6 20. Be2 Rh3 21. 0-0-0 Nc7 22. Rdf1 Rxh1 23. Rxh1 Qe8 24. Bd1 Bxa4 25. Qh2 Bxb3 26. Qh7+ Kf8 27. Rf1+ Ke7 28. Qxg7+ Kd8 29. Bxb3 1-0